Statistiques concernant Anagrammes - Vocabulaire - Série 17

Cliquez ici pour prendre le quiz!

Statistiques générales

  • Ce quiz a été pris 61 fois
  • Le résultat moyen est 8 sur 13

Statistiques - réponses

IndiceAnagrammeMot% Correct
enlèvementPARTrapt
96%
chastePUERpure
92%
hausserARGUMENTEaugmenter
88%
idiotBEENTbenet
87%
répétéRETIREEreitere
83%
marineCANERancre
69%
grefferREENTenter
69%
langueDARSEsarde
67%
classeEMPIERREpremière
46%
livreARCONcoran
44%
enroulerROADSTERtorsader
19%
aspiresDINERASdraines
13%
précurseurOUVRANTEnovateur
10%

Distribution des résultats

Percentile par nombre de réponses

% des personnes avec chaque résultat

Votre développement - résultats

Vous n’avez pas pris ce quiz